"Red" Banks : The Contribution of Chinese Banks to the Economic Rise of China (1980-2020) /
Have you ever wondered how China's banking sector powered the world's most dramatic economic transformation? This book opens the vault, revealing how policy banks, state-owned giants, and daring joint-stock institutions fueled China's rise from 1980 to 2020. You'll explore unpubl...
المؤلف الرئيسي:
التنسيق: كتاب الكتروني
اللغة: English
منشور في:
Leiden ; Boston :
Brill,
2026.
سلاسل:
Social Sciences E-Books Online, Collection 2026.
Studies in Critical Social Sciences ;
334/34.
الموضوعات:
الوصول للمادة أونلاين: Login to view Source
الوسوم: إضافة وسم
رقم الطلب: DS501
| LEADER | 02511nam a22004938i 4500 | ||
|---|---|---|---|
| 001 | BRILL9789004741218 | ||
| 003 | nllekb | ||
| 005 | 20251023165846.0 | ||
| 006 | m d | ||
| 007 | cr un uuuua | ||
| 008 | 250731s2026 gw sb 001 0 eng d | ||
| 020 | |a 9789004741218 |q (electronic book) | ||
| 020 | |z 9789004741201 |q (print) | ||
| 024 | 7 | |a 10.1163/9789004741218 |2 DOI | |
| 035 | |z (OCoLC)1519112423 | ||
| 040 | |a NL-LeKB |c NL-LeKB |e rda | ||
| 041 | |a eng | ||
| 050 | 4 | |a DS501 | |
| 072 | 7 | |a JHB |2 bicssc | |
| 072 | 7 | |a SOC |x 026000 |2 bisacsh | |
| 082 | 0 | 4 | |a 950 |2 23 |
| 100 | 1 | |a Song, Chenzhu, |e author. | |
| 245 | 1 | 0 | |a "Red" Banks : |b The Contribution of Chinese Banks to the Economic Rise of China (1980-2020) / |c Chenzhu Song. |
| 246 | 3 | |a The Contribution of Chinese Banks to the Economic Rise of China (1980-2020) | |
| 264 | 1 | |a Leiden ; |a Boston : |b Brill, |c 2026. | |
| 264 | 4 | |c ©2026 | |
| 300 | |a 1 online resource (225 pages) : |b illustrations. | ||
| 336 | |a text |b txt |2 rdacontent | ||
| 337 | |a computer |b c |2 rdamedia | ||
| 338 | |a online resource |2 rdacarrier | ||
| 490 | 1 | |a Social Sciences E-Books Online, Collection 2026 | |
| 490 | 1 | |a Studies in Critical Social Sciences ; |v 334/34 | |
| 504 | |a Includes bibliographical references and index. | ||
| 520 | |a Have you ever wondered how China's banking sector powered the world's most dramatic economic transformation? This book opens the vault, revealing how policy banks, state-owned giants, and daring joint-stock institutions fueled China's rise from 1980 to 2020. You'll explore unpublished financial records and financed reforms to Belt and Road mega-projects. How did China's banks sidestep the pitfalls of Western systems? What made their approach to infrastructure and manufacturing uniquely explosive? This study bridges gaps in global finance research, challenging conventional narratives and exposing the symbiotic relationship between state strategy and real economic growth. | ||
| 546 | |a English | ||
| 588 | |a Description based on print version record. | ||
| 650 | 0 | |a Asian Studies. | |
| 650 | 0 | |a Social Sciences. | |
| 776 | 0 | 8 | |i Print version: |t "Red" Banks : The Contribution of Chinese Banks to the Economic Rise of China (1980-2020). |d Leiden ; Boston : Brill, 2026. |z 9789004741201 |
| 830 | 0 | |a Social Sciences E-Books Online, Collection 2026. | |
| 830 | 0 | |a Studies in Critical Social Sciences ; |v 334/34. | |
| 856 | 4 | |z DOI: |u http://dx.doi.org/10.1163/9789004741218 | |
| 942 | |2 lcc |c EBOOK | ||
| 999 | |c 61311 |d 61311 | ||
